| 000 | 00710nam a2200205 a 4500 | ||
|---|---|---|---|
| 001 | 000797828 | ||
| 003 | AM-YeHGA | ||
| 005 | 20250618073913.0 | ||
| 008 | 110323s1972 ru a||||r|||||||||1|rus|d | ||
| 040 | _aAM-YeHGA | ||
| 041 | 0 | _arus | |
| 100 | 1 |
_aԱդամյան, Նորա Գևորգի, _d1910-1992 _9958 |
|
| 245 | 1 | 0 |
_aПутешествие втроем : _bПовести и рассказы / _cНора Адамян. |
| 260 |
_aМосква : _bСов. писатель, _c1972. |
||
| 300 |
_a286 с. : _bпортр. |
||
| 500 | _aАдамян Нора ( Адамова, Элеонора Георгиевна) | ||
| 650 | 1 | 4 | _aՀայ գրականություն |
| 942 |
_2udc _cBK |
||
| 090 | _c292305 | ||
| 999 |
_c290628 _d290628 |
||